Normal view MARC view

Entry Personal Name

Number of records used in: 2

001 - CONTROL NUMBER

  • control field: 1163844

003 - CONTROL NUMBER IDENTIFIER

  • control field: OSt

005 - DATE AND TIME OF LATEST TRANSACTION

  • control field: 20260324121758.0

008 - FIXED-LENGTH DATA ELEMENTS

  • fixed length control field: 260324|| aca||aabn | a|a d

040 ## - CATALOGING SOURCE

  • Original cataloging agency: OSt
  • Transcribing agency: OSt

100 ## - HEADING--PERSONAL NAME

  • Personal name: Arabinda Acharya

670 ## - SOURCE DATA FOUND

  • Source citation: Work cat.: (OSt)1756148: Arabinda Acharya, Ten Years After 9/11 - Rethinking the Jihadist Threat
Copyright @ Delhi University Library System